000 00934nas a2200301 4500
001 BR0203457
003 BR-BrBNA
005 20231205103109.0
007 ta
008 230509b bl.|||p| |||| 00| 00por d
040 _aBR-BrBNA
_bpor
_cBiblioteca Nacional de Agricultura
041 _a(Pt)
072 _aL72
100 1 _aRamos, C.I.
100 1 _aBellato, V.
100 1 _aÁvila, V.S. de
100 1 _aCoutinho, G.C.
100 1 _aSouza, A.P. de
245 1 _aResistência de parasitos gastrintestinais de ovinos a alguns anti-helmínticos no Estado de Santa Catarina, Brasil
650 _aOVINO
650 _aPARASITO DE ANIMAL
650 _aANTI-HELMÍNTICO
650 _aRESISTÊNCIA A PRODUTOS QUÍMICOS
650 _aSANTA CATARINA
773 0 _tCiência Rural (Brazil)
_xISSN 0103-8478
_g(May-Jun 2002), v. 32(3) p. 473-477
_wBR0203457
909 _a202311
_bLúcia
_c55
_dLúcia Elande
942 _2AGRIS
_n0
_cANA
999 _c171052
_d171052